00322nam a2200121Ia 4500008004100000041000800041082002000049100001300069245003000082260005700112300002400169365000700193240624s9999 xx 000 0 und d aeng a519.5024658 PRA aPRABHA B aSTATISTICS FOR MANAGEMENT c2003aChennaibSCITECH Publications (India) Pvt.Ltd. a170 : p. : cm. ; 25 cRS